| 000 | 00697cam a22002297a 4500 | ||
|---|---|---|---|
| 001 | 002104 | ||
| 003 | armpunfd | ||
| 005 | 20140612090659.0 | ||
| 008 | 070912e0####xx#a##########000#0#und#d | ||
| 040 |
_aarmpunfd _carmpunfd |
||
| 080 | _a330.342.14 H 115 | ||
| 245 | 1 | 0 | _aHacia el plan fenix una alternativa economica |
| 260 |
_a Uenos Aires : Prometeo Libros _b2001. Isbn: 950-9217-18-2 268 P. |
||
| 650 | 7 |
_a Economia _2LEMB |
|
| 650 | 7 |
_a Plan Fenix _2LEMB |
|
| 650 | 7 |
_a Politica Comercial Argentina _2LEMB |
|
| 650 | 7 |
_a Politica Crediticia _2LEMB |
|
| 650 | 7 |
_a Politica Fiscal _2LEMB |
|
| 650 | 7 |
_a Politica Monetaria _2LEMB |
|
| 942 |
_cLB _2cdu |
||
| 945 |
_aCatalis _d2010-08-19 |
||
| 999 |
_c2095 _d232599 |
||